| 000 | 00490cam a22001451 4500 | ||
|---|---|---|---|
| 082 |
_a681.112 _bGAZ _cL-32, P-62 |
||
| 100 | 1 |
_aGazeley, W. J. _945117 |
|
| 245 | 1 | 0 |
_aWatch and clock making and repairing; _bdealing with the constrution and repair of watches, clocks, and chronometers. |
| 260 |
_aLondon, _bHeywood _c[1953] |
||
| 300 |
_a440 p. _billus. _c22 cm. |
||
| 526 |
_a0 _b0 _c0 _d681_112000000000000_GAZ |
||
| 650 | 0 |
_aClocks and watches. _945118 |
|
| 650 | 0 |
_aMCE _9379 |
|
| 942 |
_2ddc _cBK |
||
| 999 |
_c548711 _d548711 |
||